Method of searching for neutron clusters; Nuclear Instruments and Methods in Physics Research Section A: Accelerators, Spectrometers, Detectors and Associated Equipment; Vol. 760, iss. 1
| Parent link: | Nuclear Instruments and Methods in Physics Research Section A: Accelerators, Spectrometers, Detectors and Associated Equipment: Scientific Journal Vol. 760, iss. 1.— 2014.— [P. 73–78] |
|---|---|
| 1. autor: | |
| organizacja autorów: | , |
| Kolejni autorzy: | , |
| Streszczenie: | Title screen A new method of searching for neutron clusters (multineutrons) composed of neutrons bound by nuclear forces has been introduced and implemented. The method is based on the search for daughter nuclei that emerge at the nuclei cluster decay of 252Cf to neutron clusters. The effect of long-time build-up of daughter nuclei with a high atomic number and long half-life was utilized. The results are interpreted as evidence of the cluster decay of 252Cf to daughter nucleus 232U (half-life of T1/2= 68.9 years). The emergence of 232U is attributed to emission of neutron clusters consisting of eight neutrons - octaneutrons. The emission probability of octaneutrons against α-decay probability of 252Cf is defined equal to λC/λα=1.74×10−6. Режим доступа: по договору с организацией-держателем ресурса |
| Język: | angielski |
| Wydane: |
2014
|
| Hasła przedmiotowe: | |
| Dostęp online: | http://dx.doi.org/10.1016/j.nima.2014.05.064 |
| Format: | Elektroniczne Rozdział |
| KOHA link: | https://koha.lib.tpu.ru/cgi-bin/koha/opac-detail.pl?biblionumber=640072 |
MARC
| LEADER | 00000naa0a2200000 4500 | ||
|---|---|---|---|
| 001 | 640072 | ||
| 005 | 20250228130257.0 | ||
| 035 | |a (RuTPU)RU\TPU\network\4602 | ||
| 035 | |a RU\TPU\network\1975 | ||
| 090 | |a 640072 | ||
| 100 | |a 20150409d2014 k||y0rusy50 ba | ||
| 101 | 0 | |a eng | |
| 102 | |a NL | ||
| 135 | |a drcn ---uucaa | ||
| 181 | 0 | |a i | |
| 182 | 0 | |a b | |
| 200 | 1 | |a Method of searching for neutron clusters |f G. N. Dudkin [et al.] | |
| 203 | |a Text |c electronic | ||
| 300 | |a Title screen | ||
| 330 | |a A new method of searching for neutron clusters (multineutrons) composed of neutrons bound by nuclear forces has been introduced and implemented. The method is based on the search for daughter nuclei that emerge at the nuclei cluster decay of 252Cf to neutron clusters. The effect of long-time build-up of daughter nuclei with a high atomic number and long half-life was utilized. The results are interpreted as evidence of the cluster decay of 252Cf to daughter nucleus 232U (half-life of T1/2= 68.9 years). The emergence of 232U is attributed to emission of neutron clusters consisting of eight neutrons - octaneutrons. The emission probability of octaneutrons against α-decay probability of 252Cf is defined equal to λC/λα=1.74×10−6. | ||
| 333 | |a Режим доступа: по договору с организацией-держателем ресурса | ||
| 461 | |t Nuclear Instruments and Methods in Physics Research Section A: Accelerators, Spectrometers, Detectors and Associated Equipment |o Scientific Journal | ||
| 463 | |t Vol. 760, iss. 1 |v [P. 73–78] |d 2014 | ||
| 610 | 1 | |a электронный ресурс | |
| 610 | 1 | |a труды учёных ТПУ | |
| 700 | 1 | |a Dudkin |b G. N. |c specialist in the field of nuclear physics |c Senior researcher of Tomsk Polytechnic University, Candidate of physical and mathematical sciences |f 1944- |g Gennadiy Nikolaevich |3 (RuTPU)RU\TPU\pers\34190 |9 17724 | |
| 701 | 1 | |a Garapatski |b A. A. |c physicist, specialist in the field of nuclear technology |c Leading engineer of Tomsk Polytechnic University |f 1957- |g Alexander Alexandrovich |3 (RuTPU)RU\TPU\pers\33123 |9 16944 | |
| 701 | 1 | |a Padalko |b V. N. |c physicist |c Leading engineer of Tomsk Polytechnic University |f 1949- |g Vladimir Nikolaevich |3 (RuTPU)RU\TPU\pers\32978 |9 16823 | |
| 712 | 0 | 2 | |a Национальный исследовательский Томский политехнический университет (ТПУ) |b Физико-технический институт (ФТИ) |b Лаборатория № 33 ядерного реактора |3 (RuTPU)RU\TPU\col\19896 |
| 712 | 0 | 2 | |a Национальный исследовательский Томский политехнический университет (ТПУ) |b Физико-технический институт (ФТИ) |b Лаборатория получения радиоактивных веществ |3 (RuTPU)RU\TPU\col\19672 |
| 801 | 2 | |a RU |b 63413507 |c 20150413 |g RCR | |
| 856 | 4 | |u http://dx.doi.org/10.1016/j.nima.2014.05.064 | |
| 942 | |c CF | ||